Normal view
MARC view
- Sanchinelli Fernández, Ramón René
Entry Nombre Personal
001 - NUMERO DE CONTROL
- campo de control: 40806
003 - IDENTIFICADOR DE NUMERO DE CONTROL
- campo de control: UPN
005 - FECHA Y HORA DE LA ÜLTIMA TRANSACCIÓN
- campo de control: 20210219194601.0
008 - DATOS DE LONGITUD FIJA
- campo de control de longitud fija: nabaccnnaabn|||||||||| b |nc|||||d
035 ## - NUMERO DE CONTROL
- Número de control: UPN11000012913
040 ## - FUENTE DE CATALOGACIÓN
- Lenguaje de catalogación: SPA
- Agencia de transcripción: UPN
100 1# - ENCABEZAMIENTO - NOMBRE PERSONAL
- Nombre personal: Sanchinelli Fernández, Ramón René
670 ## - FUENTE EN LA QUE SE LOCALIZARON DATOS
- Cita de la fuente: T
- Uniform Resource Identifier: http://glifos.unis.edu.gt/library/index.php?title=Special:GSMSearchPage&process&autor=SANCHINELLI%20FERNANDEZ,%20RAMON%20RENE%20
680 ## - NOTA PUBLICA DE ACCESO PÚBLICO
- Frase explicativa de la referencia: Educador y político guatemalteco
902 ## - CATALOGADOR
- Catalogador: CAA/081117
